Design of equilibrium stage processes (Record no. 13251)

000 -LEADER
fixed length control field 00589nam a22002171 4500
001 - CONTROL NUMBER
control field 13251
003 - CONTROL NUMBER IDENTIFIER
control field BD-DhUET
008 - FIXED-LENGTH DATA ELEMENTS--GENERAL INFORMATION
fixed length control field 740517s1963 nyua b 000 0 eng
020 ## - INTERNATIONAL STANDARD BOOK NUMBER
International Standard Book Number 070586373
040 ## - CATALOGING SOURCE
Original cataloging agency DLC
Transcribing agency OAkU
Modifying agency BD-DhUET
082 ## - DEWEY DECIMAL CLASSIFICATION NUMBER
Classification number 660.28422
Item number SMI/1963
100 1# - MAIN ENTRY--PERSONAL NAME
Personal name Smith, Buford D.
245 10 - TITLE STATEMENT
Title Design of equilibrium stage processes
250 ## - EDITION STATEMENT
Edition statement 1st ed.
260 ## - PUBLICATION, DISTRIBUTION, ETC. (IMPRINT)
Place of publication, distribution, etc. New York
Name of publisher, distributor, etc. McGraw-Hill
Date of publication, distribution, etc. 1963
300 ## - PHYSICAL DESCRIPTION
Extent 647 p.
Other physical details ill.
Dimensions 24 cm.
490 ## - SERIES STATEMENT
Series statement McGraw-Hill chemical engineering series
504 ## - BIBLIOGRAPHY, ETC. NOTE
Bibliography, etc Includes bibliographies
650 #0 - SUBJECT ADDED ENTRY--TOPICAL TERM
Topical term or geographic name as entry element Chemical equilibrium
942 ## - ADDED ENTRY ELEMENTS (KOHA)
Koha item type General Book
Holdings
Koha normalized classification for sorting Copy number Withdrawn status Location (home branch) Sublocation or collection (holding branch) Not for loan Price effective from Lost status Piece designation (barcode) Source of classification or shelving scheme Shelving location Koha item type Date acquired Damaged status Koha date last seen Koha full call number
660_284220000000000_SMI_19631 Central Library, BUETCentral Library, BUET 2015-03-02 34954 Circulation sectionGeneral Book2015-03-02 2015-03-02660.28422/SMI/1963
660_284220000000000_SMI_19632 Central Library, BUETCentral Library, BUET 2015-03-03 29845 Circulation sectionGeneral Book2015-03-03 2015-03-03660.28422/SMI/1963
660_284220000000000_SMI_19633 Central Library, BUETCentral Library, BUET 2015-03-03 29841 Circulation sectionGeneral Book2015-03-03 2015-03-03660.28422/SMI/1963
660_284220000000000_SMI_19634 Central Library, BUETCentral Library, BUET 2015-03-03 29847 Circulation sectionGeneral Book2015-03-03 2015-03-03660.28422/SMI/1963
660_284220000000000_SMI_19635 Central Library, BUETCentral Library, BUET 2015-03-03 29853 Circulation sectionGeneral Book2015-03-03 2015-03-03660.28422/SMI/1963
660_284220000000000_SMI_19636 Central Library, BUETCentral Library, BUET 2015-03-03 29843 Circulation sectionGeneral Book2015-03-03 2015-03-03660.28422/SMI/1963
660_284220000000000_SMI_19637 Central Library, BUETCentral Library, BUET 2015-03-03 29844 Circulation sectionGeneral Book2015-03-03 2015-03-03660.28422/SMI/1963
660_284220000000000_SMI_19638 Central Library, BUETCentral Library, BUET 2015-03-03 29840 Circulation sectionGeneral Book2015-03-03 2015-03-03660.28422/SMI/1963
660_284220000000000_SMI_19639 Central Library, BUETCentral Library, BUET 2015-03-03 34955 Circulation sectionGeneral Book2015-03-03 2015-03-03660.28422/SMI/1963
660_284220000000000_SMI_196310 Central Library, BUETCentral Library, BUET 2015-05-11 11477 Circulation sectionGeneral Book2015-05-11 2015-05-11660.28422/SMI/1963
660_284220000000000_SMI_196311 Central Library, BUETCentral Library, BUET 2015-05-11 29846 Circulation sectionGeneral Book2015-05-11 2015-05-11660.28422/SMI/1963
660_284220000000000_SMI_196312 Central Library, BUETCentral Library, BUET 2015-05-11 34953 Circulation sectionGeneral Book2015-05-11 2015-05-11660.28422/SMI/1963
660_284220000000000_SMI_196313 Central Library, BUETCentral Library, BUET 2015-05-11 18836 Circulation sectionGeneral Book2015-05-11 2015-05-11660.28422/SMI/1963
660_284220000000000_SMI_196314 Central Library, BUETCentral Library, BUET 2015-05-11 29854 Circulation sectionGeneral Book2015-05-11 2015-05-11660.28422/SMI/1963
660_284220000000000_SMI_196315 Central Library, BUETCentral Library, BUET 2015-05-11 29856 Circulation sectionGeneral Book2015-05-11 2015-05-11660.28422/SMI/1963
660_284220000000000_SMI_196316 Central Library, BUETCentral Library, BUET 2015-05-19 29848 Circulation sectionGeneral Book2015-05-19 2015-05-19660.28422/SMI/1963
660_284220000000000_SMI_196317 Central Library, BUETCentral Library, BUET 2015-06-18 6449 Reading sectionReading Item2015-06-18 2015-06-18660.28422/SMI/1963